Eastern Utah Libraries Catalog: Duchesne, Heber, Roosevelt, & Vernal

Stone desert / (Record no. 405263)

MARC details
000 -LEADER
fixed length control field 02407nam a22004817i 4500
001 - CONTROL NUMBER
control field 2021952963
003 - CONTROL NUMBER IDENTIFIER
control field DLC
005 - DATE AND TIME OF LATEST TRANSACTION
control field 20250328125412.0
008 - FIXED-LENGTH DATA ELEMENTS--GENERAL INFORMATION
fixed length control field 211218r20221995utua 000 0 eng d
010 ## - LIBRARY OF CONGRESS CONTROL NUMBER
LC control number 2021952963
020 ## - INTERNATIONAL STANDARD BOOK NUMBER
International Standard Book Number 9781948814713
Qualifying information paperback
020 ## - INTERNATIONAL STANDARD BOOK NUMBER
International Standard Book Number 1948814714
Qualifying information paperback
020 ## - INTERNATIONAL STANDARD BOOK NUMBER
Cancelled/invalid ISBN 9781948814720
Qualifying information ebook
035 ## - SYSTEM CONTROL NUMBER
System control number (OCoLC)1315537006
040 ## - CATALOGING SOURCE
Original cataloging agency YDX
Language of cataloging eng
Description conventions rda
Transcribing agency YDX
Modifying agency BDX
-- UOK
-- OCLCF
-- YDX
-- DLC
042 ## - AUTHENTICATION CODE
Authentication code lccopycat
043 ## - GEOGRAPHIC AREA CODE
Geographic area code n-us-ut
050 00 - LIBRARY OF CONGRESS CALL NUMBER
Classification number F832.C37
Item number C45 2022
082 04 - DEWEY DECIMAL CLASSIFICATION NUMBER
Classification number 979.2/59
Edition number 23
092 ## - LOCALLY ASSIGNED DEWEY CALL NUMBER (OCLC)
Classification number general nonfiction
Item number 979.2 Childs, Craig
100 1# - MAIN ENTRY--PERSONAL NAME
Personal name Childs, Craig,
Dates associated with a name 1967-
Relator term author.
245 10 - TITLE STATEMENT
Title Stone desert /
Statement of responsibility, etc Craig Childs.
246 1# - VARYING FORM OF TITLE
Display text Title inverted on back cover:
Title proper/short title Stone desert journal
250 ## - EDITION STATEMENT
Edition statement First Torrey House Press and Back of Beyond Books edition.
264 #1 - Production, Publication, Distribution, Manufacture, and Copyright Notice.
Place of production, publication, distribution, manufacture Salt Lake City, Utah :
Name of producer, publisher, distributor, manufacturer Torrey House Press,
Date of production, publication, distribution, manufacture, or copyr 2022.
264 #4 - Production, Publication, Distribution, Manufacture, and Copyright Notice.
Date of production, publication, distribution, manufacture, or copyr 1995
300 ## - PHYSICAL DESCRIPTION
Extent xiv, 160 pages :
Other physical details illustrations ;
Dimensions 21 cm
336 ## - Content Type
Content type term text
337 ## - Media type
Media type term unmediated
338 ## - Carrier type
Carrier type term volume
500 ## - GENERAL NOTE
General note T�ete-b�eche; book presented in two parts bound back-to-back and inverted.
520 ## - SUMMARY, ETC.
Summary, etc "Originally published over twenty-five years ago, Stone Desert brings the wonder and wildness of one of our nation's most geologically and culturally unique national parks to readers everywhere. With a new introduction by the author, this edition includes Craig Childs's original journal--written over a winter in Canyonlands National Park and complete with pen-and-ink sketches--from which Stone Desert originated. Join Childs as he hikes the high mesas, navigates the winding canyons, and witnesses the ancient rock art of Utah's most inscrutable and remote slickrock desert."--Amazon.com.
600 10 - SUBJECT ADDED ENTRY--PERSONAL NAME
Personal name Childs, Craig,
Dates associated with a name 1967-
General subdivision Travel
Geographic subdivision Utah
-- Canyonlands National Park.
9 (RLIN) 6540283
600 17 - SUBJECT ADDED ENTRY--PERSONAL NAME
Personal name Childs, Craig,
Dates associated with a name 1967-
Source of heading or term fast
650 #0 - SUBJECT ADDED ENTRY--TOPICAL TERM
Topical term or geographic name as entry element Natural history
Geographic subdivision Utah
-- Canyonlands National Park.
9 (RLIN) 6540285
650 #0 - SUBJECT ADDED ENTRY--TOPICAL TERM
Topical term or geographic name as entry element Indians of North America
Geographic subdivision Utah
-- Canyonlands National Park
General subdivision Antiquities.
9 (RLIN) 6540286
650 #7 - SUBJECT ADDED ENTRY--TOPICAL TERM
Topical term or geographic name as entry element Indians of North America
General subdivision Antiquities.
Source of heading or term fast
9 (RLIN) 85838
650 #7 - SUBJECT ADDED ENTRY--TOPICAL TERM
Topical term or geographic name as entry element Natural history.
Source of heading or term fast
650 #7 - SUBJECT ADDED ENTRY--TOPICAL TERM
Topical term or geographic name as entry element Travel.
Source of heading or term fast
651 #0 - SUBJECT ADDED ENTRY--GEOGRAPHIC NAME
Geographic name Canyonlands National Park (Utah)
General subdivision Description and travel.
9 (RLIN) 6540284
651 #7 - SUBJECT ADDED ENTRY--GEOGRAPHIC NAME
Geographic name Utah
Geographic subdivision Canyonlands National Park.
Source of heading or term fast
9 (RLIN) 6540287
942 ## - ADDED ENTRY ELEMENTS (KOHA)
Source of classification or shelving scheme Dewey Decimal Classification
Koha item type BOOK
Holdings
Withdrawn status Lost status Source of classification or shelving scheme Damaged status Not for loan Collection code Home library Current library Shelving location Date acquired Source of acquisition Total Checkouts Total Renewals Full call number Barcode Date last seen Date checked out Cost, replacement price Price effective from Koha item type
    Dewey Decimal Classification     General NonFiction Wasatch County Library Wasatch County Library Second Floor 03/28/2025 Micromarketing 2 2 979.2 Childs 34301002111971 06/30/2025 05/15/2025 21.95 03/28/2025 BOOK
This project was made possible through a grant from the Institute of Museum and Library Service administered by the Utah State Library Division.

Wasatch County Library

  • 465 East 1200 South, Heber City, Utah 84032
  • Phone 435-654-1511 | Fax 435-654-6456

Hours

  • Monday - Friday 9:30 AM - 8:00 PM
  • Saturday 9:30 AM - 1:30 PM
  • Closed Sundays and Holidays